Advances in Information and Computer Security Third International Workshop on Security, IWSEC 2008, Kagawa, Japan, November 25-27, 2008. Proceedings /

This book constitutes the refereed proceedings of the Third International Workshop on Security, IWSEC 2008, held in Kagawa, Japan, in November 2008. The 18 revised full papers presented together with 1 invited talk were carefully reviewed and selected from 94 submissions. The papers are organized in...

Πλήρης περιγραφή

Λεπτομέρειες βιβλιογραφικής εγγραφής
Συγγραφή απο Οργανισμό/Αρχή: SpringerLink (Online service)
Άλλοι συγγραφείς: Matsuura, Kanta (Επιμελητής έκδοσης), Fujisaki, Eiichiro (Επιμελητής έκδοσης)
Μορφή: Ηλεκτρονική πηγή Ηλ. βιβλίο
Γλώσσα:English
Έκδοση: Berlin, Heidelberg : Springer Berlin Heidelberg, 2008.
Σειρά:Lecture Notes in Computer Science, 5312
Θέματα:
Διαθέσιμο Online:Full Text via HEAL-Link
LEADER 04204nam a22005895i 4500
001 978-3-540-89598-5
003 DE-He213
005 20151030021054.0
007 cr nn 008mamaa
008 100301s2008 gw | s |||| 0|eng d
020 |a 9783540895985  |9 978-3-540-89598-5 
024 7 |a 10.1007/978-3-540-89598-5  |2 doi 
040 |d GrThAP 
050 4 |a QA76.9.A25 
072 7 |a UR  |2 bicssc 
072 7 |a UTN  |2 bicssc 
072 7 |a COM053000  |2 bisacsh 
082 0 4 |a 005.8  |2 23 
245 1 0 |a Advances in Information and Computer Security  |h [electronic resource] :  |b Third International Workshop on Security, IWSEC 2008, Kagawa, Japan, November 25-27, 2008. Proceedings /  |c edited by Kanta Matsuura, Eiichiro Fujisaki. 
264 1 |a Berlin, Heidelberg :  |b Springer Berlin Heidelberg,  |c 2008. 
300 |a XII, 299 p.  |b online resource. 
336 |a text  |b txt  |2 rdacontent 
337 |a computer  |b c  |2 rdamedia 
338 |a online resource  |b cr  |2 rdacarrier 
347 |a text file  |b PDF  |2 rda 
490 1 |a Lecture Notes in Computer Science,  |x 0302-9743 ;  |v 5312 
505 0 |a Cryptography -- On Generating Elements of Orders Dividing p 2k ±p k ?+?1 -- Chosen Ciphertext Secure Public Key Encryption with a Simple Structure -- Remarks on the Attack of Fouque et al. against the ?IC Scheme -- Signature and Signcryption -- Efficient Batch Verification of Short Signatures for a Single-Signer Setting without Random Oracles -- Signcryption Scheme in Multi-user Setting without Random Oracles -- Simple and Efficient Group Signature Scheme Assuming Tamperproof Devices -- Software Security -- The Superdiversifier: Peephole Individualization for Software Protection -- Detecting Java Theft Based on Static API Trace Birthmark -- Online Network Forensics for Automatic Repair Validation -- Return Value Predictability Profiles for Self–healing -- Privacy Protection and Contents Protection -- Involuntary Information Leakage in Social Network Services -- Privacy Preserving Computations without Public Key Cryptographic Operation -- A Novel Framework for Watermarking: The Data-Abstracted Approach -- Invited Talk -- The Elliptic Curve Discrete Logarithm Problem: State of the Art -- Authentication and Access Control -- An Application of the Boneh and Shacham Group Signature Scheme to Biometric Authentication -- Analysis of a Biometric Authentication Protocol for Signature Creation Application -- Efficient Secure Labeling Method under Dynamic XML Data Streams -- Implementation -- Bitstream Encryption and Authentication Using AES-GCM in Dynamically Reconfigurable Systems -- The Long-Short-Key Primitive and Its Applications to Key Security. 
520 |a This book constitutes the refereed proceedings of the Third International Workshop on Security, IWSEC 2008, held in Kagawa, Japan, in November 2008. The 18 revised full papers presented together with 1 invited talk were carefully reviewed and selected from 94 submissions. The papers are organized in topical sections on cryptography, signature and signcryption, software security, privacy protection and contents protection, authentication and access control, as well as implementation. 
650 0 |a Computer science. 
650 0 |a Computer communication systems. 
650 0 |a Operating systems (Computers). 
650 0 |a Computer security. 
650 0 |a Algorithms. 
650 0 |a Computers and civilization. 
650 0 |a Management information systems. 
650 1 4 |a Computer Science. 
650 2 4 |a Systems and Data Security. 
650 2 4 |a Operating Systems. 
650 2 4 |a Management of Computing and Information Systems. 
650 2 4 |a Computers and Society. 
650 2 4 |a Computer Communication Networks. 
650 2 4 |a Algorithm Analysis and Problem Complexity. 
700 1 |a Matsuura, Kanta.  |e editor. 
700 1 |a Fujisaki, Eiichiro.  |e editor. 
710 2 |a SpringerLink (Online service) 
773 0 |t Springer eBooks 
776 0 8 |i Printed edition:  |z 9783540895978 
830 0 |a Lecture Notes in Computer Science,  |x 0302-9743 ;  |v 5312 
856 4 0 |u http://dx.doi.org/10.1007/978-3-540-89598-5  |z Full Text via HEAL-Link 
912 |a ZDB-2-SCS 
912 |a ZDB-2-LNC 
950 |a Computer Science (Springer-11645)